| 000 | 00620nam a2200205 a 4500 | ||
|---|---|---|---|
| 005 | 20240111063546.0 | ||
| 008 | 030827s2002 ag r 000 0 spa d | ||
| 020 | _a9870001513 | ||
| 035 | _aUPN01000130494 | ||
| 049 | _aCG | ||
| 050 | 4 |
_aPN4130 _bA5.3a |
|
| 100 | 1 |
_aAnder-Egg, Ezequiel, _d1930- _928724 |
|
| 245 | 1 | 0 |
_aCómo aprender a hablar en público / _cEzequiel Ander-Egg, María José Aguilar Idáñez. |
| 260 |
_aBuenos Aires : _bLumen, _cc2002. |
||
| 300 | _a221 p. | ||
| 440 | 0 | _aLumen bolsillo | |
| 650 | 2 |
_aOratoria _94605 |
|
| 700 | 1 |
_aAguilar Idáñez, María José, _ecoaut. _928676 |
|
| 905 | _aLibro | ||
| 999 |
_c102651 _d102651 |
||